| 000 | 00439nam a2200181Ia 4500 | ||
|---|---|---|---|
| 001 | 523 | ||
| 005 | 20260306140524.0 | ||
| 008 | 260306t2010||||xx |||||||||||||| ||spa|| | ||
| 041 | _aESP | ||
| 082 |
_a121.8 _bS18 |
||
| 100 |
_aSalazar Bondy, Augusto _eAUT |
||
| 245 | 0 |
_aAugusto Salazar Bondy : _bpara una filosofĂa del valor |
|
| 260 | _c2010 | ||
| 300 |
_a342 p _c19 cm. |
||
| 650 | _aGEN | ||
| 654 | _aCHU | ||
| 942 |
_cLIB _dJUS _fJUS _2ddc _n |
||
| 999 |
_c523 _d523 |
||